Grösste Schweizer Gemeinden nach Anfangsbuchstaben - Statistiken

Allgemein
  • Dieses Quiz wurde 324 mal gespielt
  • Das Durchschnittsergebnis liegt bei 17 aus 25
Antwortstatistiken
Bevölkerung Kanton Stadt/Gemeinde % Korrekt
A 21'268 Aargau Aarau
96%
C 35'038 Graubünden Chur
95%
B 171'513 --- Basel
93%
Z 409'241 --- Zürich
93%
G 200'548 --- Genève/Genf
89%
L 138'905 Waadt Lausanne
89%
F 38'521 --- Freiburg/Fribourg
84%
N 33'578 --- Neuchâtel/Neuenburg
82%
S 75'522 --- St. Gallen
81%
W 110'912 Zürich Winterthur
79%
Y 30'143 Waadt Yverdon-les-Bains
78%
T 43'743 Bern Thun
75%
E 30'682 Luzern Emmen
73%
M 26'574 Waadt Montreux
65%
U 34'516 Zürich Uster
65%
K 41'507 Bern Köniz
62%
D 28'141 Zürich Dübendorf
58%
R 26'989 St. Gallen Rapperswil-Jona
50%
H 20'335 Zürich Horgen
47%
O 19'978 Zürich Opfikon
41%
I 16'975 Zürich Illnau-Effretikon
39%
Q 2'877 St. Gallen Quarten
38%
V 35'132 Genf Vernier
32%
P 18'160 Waadt Pully
30%
J 5'697 Bern Jegenstorf
27%
Keine übereinstimmenden Quizze gefunden
Verteilung der Resultate
Anzahl Personen mit jedem Resultat
Perzentil nach korrekt beantworteten Fragen
Ihre Resultats-Entwicklung
Sie haben dieses Quiz noch nicht gespielt